000 00322nam a22001457a 4500
008 230912b ||||| |||| 00| 0 eng d
020 _a0470059303
041 _aeng
080 _a521
082 _a521BAU
100 _a19
101 _aASTRO
245 _aTHE PLANETS SOME MYTHS & REALITIES
_cBAUM.R
942 _2udc
_cBK
999 _c60332
_d60332